Environmental education and solid waste management (Record no. 62733)

MARC details
000 -LEADER
fixed length control field 01358nam a2200229 a 4500
008 - FIXED-LENGTH DATA ELEMENTS--GENERAL INFORMATION
fixed length control field 190709s2005 ||||||||||||||||| || u
020 ## - INTERNATIONAL STANDARD BOOK NUMBER
International Standard Book Number 9788122416909
050 ## - LIBRARY OF CONGRESS CALL NUMBER
Classification number TD 791 Nag
100 ## - MAIN ENTRY--PERSONAL NAME
Personal name Vizayakumar, K
245 10 - TITLE STATEMENT
Title Environmental education and solid waste management
Statement of responsibility, etc. By A. Nag ; K. Vizayakumar
260 ## - PUBLICATION, DISTRIBUTION, ETC.
Place of publication, distribution, etc. New Delhi
Name of publisher, distributor, etc. New Age International (P) Limited, Publishers
Date of publication, distribution, etc. 2005
300 ## - PHYSICAL DESCRIPTION
Extent viii, 95 pages : illustrations
350 ## -
-- 35.00
650 ## - SUBJECT ADDED ENTRY--TOPICAL TERM
Topical term or geographic name entry element ENVIRONMENTAL EDUCATION
650 ## - SUBJECT ADDED ENTRY--TOPICAL TERM
Topical term or geographic name entry element REFUSE AND REFUSE DISPOSAL
700 ## - ADDED ENTRY--PERSONAL NAME
Personal name Nag, A
995 ## -
-- SHORT LOAN BOOKS
-- 750082
-- CBU-MAIN LIBRARY (Kitwe)
-- 35.00
-- TD 791 Nag
-- 5
-- AVAILABLE
-- Nov 27, 2019
-- 750082
-- Short Loan Collection
995 ## -
-- MAIN LIBRARY OPEN ACCESS
-- 35.00
-- 749372
-- CBU-MAIN LIBRARY (Kitwe)
-- TD 791 Nag
-- 2
-- AVAILABLE
-- Jul 11, 2019
-- 749372
-- Main Library Open Access Collection
995 ## -
-- MAIN LIBRARY OPEN ACCESS
-- 35.00
-- 749373
-- CBU-MAIN LIBRARY (Kitwe)
-- TD 791 Nag
-- 1
-- AVAILABLE
-- Jul 11, 2019
-- 749373
-- Main Library Open Access Collection
995 ## -
-- MAIN LIBRARY OPEN ACCESS
-- 35.00
-- 749375
-- CBU-MAIN LIBRARY (Kitwe)
-- TD 791 Nag
-- 4
-- AVAILABLE
-- Jul 11, 2019
-- 749375
-- Main Library Open Access Collection
995 ## -
-- MAIN LIBRARY OPEN ACCESS
-- 35.00
-- 749374
-- CBU-MAIN LIBRARY (Kitwe)
-- TD 791 Nag
-- 3
-- AVAILABLE
-- Jul 11, 2019
-- 749374
-- Main Library Open Access Collection
999 ## -
-- 62733
-- 62733
Holdings
Withdrawn status Lost status Source of classification or shelving scheme Damaged status Not for loan Permanent Location Current Location Shelving location Date acquired Total Checkouts Full call number Barcode Date last seen Price effective from Koha item type
          CBU-MAIN LIBRARY, KITWE. CBU-MAIN LIBRARY, KITWE.   12/16/2022   TD 791 Nag 750082 12/16/2022 12/16/2022 MONOGRAPH
          CBU-MAIN LIBRARY, KITWE. CBU-MAIN LIBRARY, KITWE.   12/16/2022   TD 791 Nag 749372 12/16/2022 12/16/2022 MONOGRAPH
          CBU-MAIN LIBRARY, KITWE. CBU-MAIN LIBRARY, KITWE.   12/16/2022   TD 791 Nag 749373 12/16/2022 12/16/2022 MONOGRAPH
          CBU-MAIN LIBRARY, KITWE. CBU-MAIN LIBRARY, KITWE.   12/16/2022   TD 791 Nag 749375 12/16/2022 12/16/2022 MONOGRAPH
          CBU-MAIN LIBRARY, KITWE. CBU-MAIN LIBRARY, KITWE.   12/16/2022   TD 791 Nag 749374 12/16/2022 12/16/2022 MONOGRAPH